01470nam a2200325 a 4500001001000000003000500010005001700015008004100032010001100073011001100084040000900095090001000104100004100114245012000155260004100275500006000316502016800376590004100544590004100585590003900626590003900665650005200704856007000756901000700826942001000833942000600843999001900849952013600868952014001004000108833CHAP20220329144026.0140314s2013 mx a |sm |||||||spa|d a105295 a106267 cCHAP aTesis1 aRabelo Miranda, José Manuel99362810aDiseño estructural de invernaderos en la zona centro de Méxicoh[En línea]cpor José Manuel Rabelo Miranda. aChapingo, Méx. :bEl autor,c2013. aPara ver el contenido del material haga clic en la liga aTesis (M.C. en Ingeniería Agrícola y Uso Integral del Agua) -- UACH. Departamento de Ingeniería Mecánica Agrícola y Departamento de Uso Integral del Agua aBATCH-UPDb05c20140324lUCH01h1536 aBATCH-UPDb05c20141002lUCH01h0858 aE792CSJb05c20140314lUCH01h0953 aE792CSJb05c20140314lUCH01h095314aInvernaderosxDiseño y construcción.960175 aFinding aiduhttp://10.13.5.2/tesis/sist108833.pdfzTeclea aquí aBK cTESIS n0 c105295d105295 00104054718TESISaBCbBCd2014-03-14fTESISl0oTesisp33724002365347r2019-12-31 00:00:00w2019-12-31yTESISzRecien adquirido 00102local4053708TESISaBCbBCcPA_TESISd2014-03-14fTESISl0oTesisp33724002365389r2019-12-31 00:00:00tc.2w2019-12-31yTESIS